000 00463 a2200157 4500
005 20260330121139.0
008 260330b |||||||| |||| 00| 0 eng d
020 _a9789370981225
080 _aFM
_bVAR/VZ
100 _aVarkey,Muttathu
245 _aVazhithettivanna malakha(വഴിതെറ്റിവന്ന മാലാഖ)
260 _bD C books.
_aKottayam.
_c2025.
300 _a287p.
653 _aFiction-Novel-Malayalam Literature
942 _cOO
999 _c115269
_d115268